History Quiz

Random History or Decade Quiz

240s Missing Word Quiz Stats

 Plays Quiz not verified by Sporcle

Score 0/26 Timer 03:00
0 Plays Today
Clue Missing Word % Correct
Philippus II becomes consul at the ___ of 10Age
93.9%
Ardashir I, Sassanid ____ of PersiaKing
89%
Queen Himiko of Yamataikoku, _____Japan
86.6%
1,000th anniversary of the city of ____Rome
86.6%
Korean Baekje kingdom attacks _____China
85.4%
Trajan Decius commander on River ______Danube
84.1%
The Kushan ______ fallsEmpire
81.7%
Gordian III is ________ by his soldiersMurdered
81.7%
St Fabian is _____ the 20th popeNamed
81.7%
_____ philosopher PlotinusGreek
80.5%
Ardashir I and his ___ Shapur ISon
79.3%
Lady Triệu begins her _____ year resistance Three
76.8%
Empress Wu, the _____ of Liu BeiWidow
76.8%
Clue Missing Word % Correct
Goths invade (modern day) _______ and RomaniaUkraine
75.6%
Abgar __ of OsroeneXI
73.2%
Cyprian becomes ______ of CarthageBishop
68.3%
______ the Arab (Marcus Julius Philippus)Philip
67.1%
Origen's eight-______ work criticizing CelsusVolume
65.9%
Sima __ takes control of Cao WeiYi
64.6%
Battle of Samhain is fought in ______Ireland
62.2%
The ______ raid the Rhine frontierFranks
61%
Cao Xun, Prince of ___Qin
61%
Shapur given ____ a million gold piecesHalf
58.5%
Kan __, advisor of WuZe
50%
____ of the two Councils of ArabiaLast
39%
Gordian III prepares an _________ against PersiaOffensive
29.3%

You're not logged in!

Compare scores with friends on all Sporcle quizzes.
OR
Log In

Show Comments

Extras

Top Quizzes Today


Score Distribution

Your Account Isn't Verified!

In order to create a playlist on Sporcle, you need to verify the email address you used during registration. Go to your Sporcle Settings to finish the process.

Report this User

Report this user for behavior that violates our Community Guidelines.

Details: